000 00377nam a22001457a 4500
999 _c10888
_d10888
003 OSt
008 201119b ||||| |||| 00| 0 eng d
020 _a 9788170247319
100 _aNAIK, Shailaja D
245 _aTraditional Embroideries of India
260 _aNew Delhi
_bAPH
_c2021
300 _a157
650 _aBachelor of Fashion and Apparel Design
942 _2ddc
_cBK
_03